横浜市の18区 - Statistics

General Stats
  • This quiz has been taken 3,978 times
  • The average score is 14 of 18
Answers on the Map
Answers color-coded by a green-red scale on the quiz's map according to % correct below.
 
Answer Stats
Answer % Correct
中区
91%
西区
91%
鶴見区
87%
港北区
84%
南区
84%
神奈川区
83%
港南区
83%
金沢区
82%
戸塚区
82%
保土ヶ谷区
78%
青葉区
75%
緑区
74%
磯子区
70%
瀬谷区
68%
都筑区
68%
旭区
57%
泉区
54%
栄区
51%
No matching quizzes found
Score Distribution
Percent of People with Each Score
Percentile by Number Answered
Your Score History
You have not taken this quiz